[Event "Stuttgart-chA int"]
[Site "Ditzingen"]
[Date "2009.05.24"]
[Round "7"]
[White "Meinecke, Klaus Hinrich"]
[Black "Osswald, Michael"]
[Result "0-1"]
[WhiteElo "1853"]
[BlackElo "1972"]
[PlyCount "73"]
[EventDate "2009.05.21"]
[EventType "swiss"]
[EventRounds "7"]
[EventCountry "GER"]
[SourceTitle "EXT 2018"]
[Source "ChessBase"]
[SourceDate "2017.10.13"]
[SourceVersion "1"]
[SourceVersionDate "2017.10.13"]
[SourceQuality "1"]

1. e4 e5 2. Nf3 Nc6 3. d4 exd4 4. Nxd4 Nf6 5. Nxc6 bxc6 6. e5 Qe7 7. Qe2 Nd5 8. c4 Ba6 9. f4 Qb4+ 10. Qd2 Nxf4 11. Nc3 Ng6 12. b3 Nxe5 13. Bb2 Be7 14. 0-0-0 Qa5 15. h4 f5 16. Kb1 Rf8 17. g3 Bb7 18. Bg2 0-0-0 19. Qe2 Bf6 20. Na4 Ng4 21. Rhe1 Bxb2 22. Kxb2 Rf6 23. Qe7 Rd6 24. Rxd6 cxd6 25. Nc3 Qc5 26. Qxg7 Ne5 27. Re2 Re8 28. Rd2 Qe3 29. Kc2 Ng4 30. Qf7 Qe5 31. Bf3 Ne3+ 32. Kb2 Re7 33. Qg8+ Kc7 34. Qg5 Rg7 35. Qf4 Rxg3 36. Qxe5 dxe5 37. h5 0-1

[Event "Hohenloher op 10th"]
[Site "Forchtenberg"]
[Date "2003.06.22"]
[Round "7"]
[White "Osswald, Michael"]
[Black "Malzer, Werner"]
[Result "1-0"]
[WhiteElo "1690"]
[BlackElo "1874"]
[PlyCount "71"]
[EventDate "2003.06.19"]
[EventType "swiss"]
[EventRounds "7"]
[EventCountry "GER"]
[SourceTitle "EXT 2004"]
[Source "ChessBase"]
[SourceDate "2003.11.25"]
[SourceVersion "1"]
[SourceVersionDate "2003.11.25"]
[SourceQuality "1"]

1. e4 c5 2. Nf3 d6 3. d4 cxd4 4. Nxd4 Nf6 5. Nc3 a6 6. f4 e6 7. Be2 Be7 8. 0-0 0-0 9. Be3 b5 10. a3 Bb7 11. Bf3 Nbd7 12. Qe1 Rc8 13. Qg3 Rxc3 14. bxc3 Nxe4 15. Bxe4 Bxe4 16. a4 bxa4 17. Rxa4 Nc5 18. Nxe6 fxe6 19. Bxc5 Bxc2 20. Ra2 Bb3 21. Rb2 Bc4 22. Bb6 Qc8 23. Rfb1 Bb5 24. Bd4 Rf7 25. Qe3 Qc4 26. h3 Qd5 27. Re1 h5 28. Rb4 Bc4 29. Ra1 Qc6 30. Ra5 e5 31. fxe5 Bf1 32. Qg3 Bd8 33. e6 Rb7 34. Rf5 h4 35. Qg6 Bd3 36. Rxb7 1-0

[Event "Hohenloher op 10th"]
[Site "Forchtenberg"]
[Date "2003.06.20"]
[Round "4"]
[White "Osswald, Michael"]
[Black "Tessmer, Hans Peter"]
[Result "1-0"]
[WhiteElo "1690"]
[BlackElo "900"]
[PlyCount "45"]
[EventDate "2003.06.19"]
[EventType "swiss"]
[EventRounds "7"]
[EventCountry "GER"]
[SourceTitle "EXT 2004"]
[Source "ChessBase"]
[SourceDate "2003.11.25"]
[SourceVersion "1"]
[SourceVersionDate "2003.11.25"]
[SourceQuality "1"]

1. e4 e5 2. Nf3 Nc6 3. d4 exd4 4. Nxd4 Nf6 5. Nxc6 bxc6 6. Bd3 Bc5 7. 0-0 0-0 8. Bg5 Be7 9. f4 d6 10. Nc3 h6 11. Bh4 Rb8 12. Rb1 Be6 13. Bf2 a5 14. Ba7 Ra8 15. Be3 Rb8 16. Bd2 Qc8 17. Qc1 Ra8 18. f5 Bd7 19. Rf3 Ne8 20. Bxh6 gxh6 21. Qxh6 Ng7 22. Rg3 Bf6 23. Qxf6 1-0

[Event "Hohenloher op 10th"]
[Site "Forchtenberg"]
[Date "2003.06.19"]
[Round "2"]
[White "Osswald, Michael"]
[Black "Lankes, Erich"]
[Result "1-0"]
[WhiteElo "1690"]
[BlackElo "2005"]
[PlyCount "42"]
[EventDate "2003.06.19"]
[EventType "swiss"]
[EventRounds "7"]
[EventCountry "GER"]
[SourceTitle "EXT 2004"]
[Source "ChessBase"]
[SourceDate "2003.11.25"]
[SourceVersion "1"]
[SourceVersionDate "2003.11.25"]
[SourceQuality "1"]

1. e4 g6 2. d4 Bg7 3. Nc3 d6 4. f4 Nf6 5. Nf3 c5 6. Be3 Qa5 7. Qd2 Nbd7 8. 0-0-0 a6 9. Kb1 b5 10. e5 Ng4 11. exd6 exd6 12. h3 Ngf6 13. dxc5 b4 14. Nd5 Ne4 15. Qe2 0-0 16. Qc4 Ndxc5 17. Bd4 Be6 18. Bxg7 Kxg7 19. Qd4+ f6 20. Bc4 Ng3 21. Rhe1 Rae8 1-0